Ekonomická revue cestovného ruchu

Saved in:
Bibliographic Details
Format: Serial
Language:Slovak
Published: Banská Bystrica VŠE 1989
Tags: Add Tag
No Tags, Be the first to tag this record!

MARC

LEADER 00000nas2a2200000 4500
001 s037363
005 20250730114148.6
041 0 |a slo 
044 |a SK 
245 1 0 |a Ekonomická revue cestovného ruchu 
264 1 |a Banská Bystrica  |b VŠE  |c 1989 
300 |a 1 zv. 
773 0 |w eu_un_cat*s120041